000 00269nam a2200133Ia 4500
100 _aWarford/ H.S.
942 _cBK
654 _aprint production
245 _aDesign for print production
260 _bnone
082 _a686.2
300 _a358
546 _aENGLISH
999 _c28276
_d28276